Statistics for Geography by Letter - A

Click here to take the quiz!

General Stats

  • This quiz has been taken 113,333 times
  • The average score is 15 of 22

Answer Stats

HintAnswer% Correct
"Down under"Australia
95%
South American countryArgentina
95%
A book of mapsAtlas
94%
World's biggest river by volumeAmazon
92%
Biggest city in New ZealandAuckland
82%
What the U.S. bought from Russia in 1867Alaska
77%
World's fifth most-spoken languageArabic
74%
World's first democracyAthens
73%
Country in the PyreneesAndorra
72%
Highest mountain range in the AmericasAndes
71%
Capital of the United Arab EmiratesAbu Dhabi
70%
Canadian provinceAlberta
67%
Dutch language spoken in South AfricaAfrikaans
66%
Sea between Italy and the BalkansAdriatic
64%
Sea between Greece and TurkeyAegean
61%
City that had the largest library
in the ancient world
Alexandria
59%
Term that refers to a chain of islandsArchipelago
56%
Scotland's third biggest cityAberdeen
56%
Capital of ParaguayAsunción
51%
Group of Portuguese islands
in the mid-Atlantic
Azores
47%
Country called "the graveyard of empires"Afghanistan
46%
Where Noah's ark supposedly landedArarat
39%

Score Distribution

Percentile by Number Answered

Percent of People with Each Score

Your Score History

You have not taken this quiz